| 000 | 02498cam a2200361 i 4500 | ||
|---|---|---|---|
| 001 | 768714001 | ||
| 003 | CO-MdFUSB | ||
| 005 | 20230525114438.0 | ||
| 007 | ta | ||
| 008 | 000719t2001 enkabf b 001 0 eng | ||
| 020 | _a0195087070 | ||
| 040 |
_aDLC _beng _cCO-MdFUSB _dZID _dUKM _dBAKER _dUKV3G _dBTCTA _dYDXCP _dIG# _dYHM _dBDX _dOCLCQ _dOCLCF _dOCLCQ _dTDS _dOCLCQ _dOCLCO _dRB0 _dSFR _dUtOrBLW _erda |
||
| 041 | _aeng | ||
| 082 |
_223 _a220.95 _bOX98 |
||
| 245 | 0 | 4 |
_aThe Oxford history of the biblical world _c/ editado por Michael D. Coogan. |
| 260 |
_bOxford University Press, _c2001. |
||
| 264 | 1 |
_aOxford, New York : _bOxford University Press, _c[1998] |
|
| 264 | 4 | _c© 1998 | |
| 300 |
_a487 páginas, _bilustraciones, mapas ; _c24 cm. |
||
| 336 |
_atexto _btxt _2rdacontent. |
||
| 337 |
_asin mediación _bn _2rdamedia. |
||
| 338 |
_avolumen _bnc _2rdacarrier. |
||
| 504 | _aIncluye referencias bibliográficas (páginas 453-455) e índice. | ||
| 505 | _aAl principio: la historia más antigua / Michael D. Coogan -- Antes de Israel: Siria-Palestina en la Edad del Bronce / Wayne T. Pitard -- Vidas amargas: Israel dentro y fuera de Egipto / Carol A. Redmount -- Forjando una identidad : el surgimiento del antiguo Israel / Lawrence E. Stager -- "No había rey en Israel" : la era de los jueces / Jo Ann Hackett -- Parentesco y realeza : la monarquía primitiva / Carol Meyers -- Una tierra dividida : Judá e Israel desde la muerte de Salomón hasta la caída de Samaria / Edward F. Campbell Jr. -- Hacia el exilio : desde la conquista asiria de Israel hasta la caída de Babilonia / Mordechai Cogan -- Israel entre las naciones : el período persa / María Joan Winn Leith -- Entre Alejandría y Antioquía : judíos y judaísmo en el período helenístico / Leonard J. Greenspoon -- Visiones de reinos : desde Pompeyo hasta la primera revuelta judía / Amy-Jill Levine -- Iglesias en contexto : el movimiento de Jesús en el mundo romano / Daniel N. Schowalter -- Transiciones y trayectorias : judíos y Cristianos en el Imperio Romano / Barbara Geller. | ||
| 520 | _aExamina la historia, el arte, la arquitectura, los idiomas, la literatura, la sociedad y la religión del Israel bíblico y el judaísmo y el cristianismo primitivos. | ||
| 563 | _aPasta dura | ||
| 650 | 0 |
_9360 _aBiblia _bEvidencias, autoridad, etc. |
|
| 653 | _aHistoria de los hechos contemporáneos. | ||
| 700 | 1 |
_aCoogan, Michael David. _eeditor |
|
| 942 | _cBK | ||
| 945 | _aJTF-925 | ||
| 999 |
_c68572 _d68572 |
||